000 00602nam a2200241Ia 4500
003 OSt
005 20221005131919.0
006 a|||||r|||| 00| 0
007 ta
008 221004b |||||||| |||| 00| 0 tam d
024 _a47703
037 _cTextual
040 _aCRL
_cCRL
_btam
041 _2tam
_atam
082 _aO31:g(R35), M7
100 _aSegateeson Au.
_9640291
245 0 _aTamil elakiyatil yogam
260 _c1987
300 _a322p.
_ccm.
650 _aTAMIL LITERATURE
942 _hO31:g(R35), M7
_cTEXL
_2cc
999 _c1061817
_d1061817